Tilastot visalle Suomen eduskuntapuolueet

Klikkaa tästä pelataksesi tätä visaa!

Yleistilastot

  • Tätä visaa on pelattu 658 kertaa
  • Keskiarvotulos 9 / 9

Vastaukset kartalla

Vastauksille on annettu kartalla punavihreä väri sen mukaan, kuinka moni on saanut sen oikein.
 

Vastaustilastot

PaikatPuolue% Oikein
48Kokoomus
98%
46Perussuomalaiset
98%
43Sosiaalidemokraatit
98%
13Vihreät
97%
23Keskusta
95%
5Kristillisdemokraatit
92%
1Liike Nyt
92%
9 + 1Ruotsalainen kansanpuolue
+ För Åland
90%
11Vasemmistoliitto
89%

Tulosjakauma

Persentiili vastausten määrän mukaan

Jokaisen tuloksen saaneiden osuus

Tuloshistoriasi

Et ole pelannut tätä visaa